000 00224 a2200097 4500
001 51370
100 _aTabachnik B G
245 _aUsing Multivariate Statistics
260 _aLondon
_bHarper & Row
_c
090 _c32560
_d32560
942 _aNUST-CAE
_cM
_c25070
999 _c286443
_d286443